| 000 | 01120nam a22002897a 4500 | ||
|---|---|---|---|
| 999 |
_c21527 _d21527 |
||
| 003 | AR-CdUCM | ||
| 008 | 190220b ||||| |||| 00| 0 spa d | ||
| 020 | _a9789972429255 | ||
| 040 |
_aMUNICIPALIDAD PROVINCIAL DEL CUSCO _cBIBLIOTECA MUNICIPAL DEL CUSCO |
||
| 082 |
_a985.093/C21 _bC21 |
||
| 245 |
_aEntre la espada y la pluma : _bel Inca Garcilaso de la Vega y sus Comentarios reales / _cedición e introducción, Raquel Chang-Rodríguez |
||
| 260 |
_aLima. _bPontificia Universidad Católica del Perú, _c2010. |
||
| 300 |
_a242 páginas. : _b facsíms ; _c25 cm. |
||
| 500 |
_aTexto en español e inglés. _zBibliografía: p. 203-226. Incluye índice |
||
| 650 |
_aGarcilaso de la Vega Inca _945247 |
||
| 650 |
_aComentarios reales _945248 |
||
| 650 |
_aCrítica textual _917171 |
||
| 650 |
_aCrónicas _945249 |
||
| 650 |
_aÉpoca Prehispánica _92714 |
||
| 650 |
_aFuentes _95740 |
||
| 650 |
_aDescubrimiento y Conquista _92362 |
||
| 650 |
_aPerú _945250 |
||
| 700 |
_aChang-Rodríguez, Raquel _97449 |
||
| 710 |
_aPontificia Universidad Católica del Perú _9400 |
||
| 942 |
_2ddc _cLIBROS |
||
| 945 | _aRoel | ||